Edward Norton Movies Quiz Stats

 Plays Quiz Updated Jan 1, 2021

     
Support Sporcle.
Go Orange.
Score 0/30 Timer 05:00
0 Plays Today
Year Movie % Correct
1999Fight Club
83.9%
1998American History X
78.1%
2008The Incredible Hulk
77.4%
2014Birdman or (The Unexpected Virtue of Ignorance)
48%
1998Rounders
42.5%
2006The Illusionist
42.4%
2012Moonrise Kingdom
39.6%
1996Primal Fear
39.3%
2014The Grand Budapest Hotel
38.7%
2003The Italian Job
36.7%
2000Keeping the Faith
34.2%
2016Sausage Party
34.2%
2018Isle of Dogs
32.6%
2019Motherless Brooklyn
32.5%
200225th Hour
31.5%
Year Movie % Correct
2002Red Dragon
29.4%
2002Death to Smoochy
26.8%
2012The Bourne Legacy
23.3%
2001The Score
21.7%
2008Pride and Glory
19%
2005Kingdom of Heaven
18%
2016Collateral Beauty
15.3%
1996The People vs. Larry Flynt
15%
2006The Painted Veil
14.9%
2002Frida
11.5%
1996Everyone Says I Love You
9.4%
2005Down in the Valley
8.8%
2009The Invention of Lying
7.4%
2009Leaves of Grass
7.1%
2010Stone
6.3%

From the Vault

Are They Related? II

by prockstar83

Hollywood is often a family affair.
Remove Ads.
Support Sporcle.
Get the best of Sporcle when you Go Orange. This ad-free experience offers more features, more stats, and more fun while also helping to support Sporcle. Thank you for becoming a member.

Show Comments

Extras

Top Quizzes Today


Score Distribution

Your Account Isn't Verified!

In order to create a playlist on Sporcle, you need to verify the email address you used during registration. Go to your Sporcle Settings to finish the process.

Report this User

Report this user for behavior that violates our Community Guidelines.

Details: